| 000 | 00370nam a22001337a 4500 | ||
|---|---|---|---|
| 020 | _a9789384007102 | ||
| 082 |
_a581.15 _bGAU/GE |
||
| 100 |
_aGaurav,Shukla _91281 |
||
| 245 | _aGenetic Engineering and Rice Biotechnology | ||
| 260 |
_aNew Delhi _bMedTec- Scientific International Pvt. Ltd _c2014 |
||
| 300 | _a211 | ||
| 500 | _aBiotechnology of Food Crops | ||
| 942 | _cBBS | ||
| 999 |
_c14729 _d14729 |
||